00423cam a22001337a 4500008004000000020001500040082001900055100001600074245008700090260002800177300001000205650004200215650003200257180718b2001 xxu||||| |||| 00| 0 eng d a8170998085 aB7304x54 Si64p aSurat Singh aProblems and prospects of panchayat finances: study of common landcby Surat Singh aNew DelhibMittalc2001 a140p. aPanchayat - India - Economic aspects. aPanchayat - Finance - India